Vonnegut and Hemingway (Record no. 82778)
[ view plain ]
| 000 -LEADER | |
|---|---|
| fixed length control field | 02084nam a2200373 a 4500 |
| 082 04 - DEWEY DECIMAL CLASSIFICATION NUMBER | |
| Classification number | 813/.54 |
| 100 1# - MAIN ENTRY--AUTHOR NAME | |
| Personal name | Broer, Lawrence R. |
| 245 10 - TITLE STATEMENT | |
| Title | Vonnegut and Hemingway |
| 260 ## - PUBLICATION, DISTRIBUTION, ETC. (IMPRINT) | |
| Place of publication | Columbia : |
| Name of publisher | University of South Carolina Press, |
| Year of publication | c2011. |
| 300 ## - PHYSICAL DESCRIPTION | |
| Number of Pages | ix, 246 p. |
| 505 0# - FORMATTED CONTENTS NOTE | |
| Formatted contents note | Family secrets: the absent mother and father -- Hemingway's sun, Vonnegut's night: the spoils of war -- Duty dance with death: A farewell to arms and Slaughterhouse-five -- Spiritual manifestos: Breakfast of champions, Death in the afternoon, and Green hills of Africa -- From Jailbird to canary bird: To have and have not and Jailbird -- Anima and animus in For whom the bell tolls and Slapstick -- A soldier's confessions: Across the river and into the trees and Hocus pocus -- Now it's women's turn: The rescue of Eurydice -- A literary farewell: Timequake and Under kilimanjaro. |
| 650 #0 - SUBJECT ADDED ENTRY--TOPICAL TERM | |
| Topical Term | War and literature |
| Topical Term | American fiction |
| 856 40 - ELECTRONIC LOCATION AND ACCESS | |
| Uniform Resource Identifier | http://site.ebrary.com/lib/rucke/Doc?id=10583823 |
No items available.
